Vista normal Vista MARC

Entrada Personal Name

Número de registros utilizados en: 2

001 - CONTROL NUMBER

  • control field: 7870

003 - CONTROL NUMBER IDENTIFIER

  • control field: OSt

005 - DATE AND TIME OF LATEST TRANSACTION

  • control field: 20230915225911.0

008 - FIXED-LENGTH DATA ELEMENTS

  • fixed length control field: 230915|| aca||aabn | a|a d

040 ## - CATALOGING SOURCE

  • Original cataloging agency: OSt
  • Transcribing agency: OSt

100 ## - HEADING--PERSONAL NAME

  • Personal name: Acevedo Carmona, Dario

670 ## - SOURCE DATA FOUND

  • Source citation: Work cat.: (OSt)19952: Acevedo Carmona, Dario, La mentalidad de las elites sobre la violencia en Colombia 1936 - 1949 / , Ancora Editores









Instituto Departamental de Cultura del Meta - Red Departamental de Bibliotecas Públicas del Meta.